1092 1831 1485 1785 1858 1864 1114 1711 1559 1452 1448 1869 1563 1375 1508 1965 1875 1327 1285 1507 1967 1596 1266 1922 1035 1448 1124 1489 1910 1904 1236 1017 1662 1471 1456 1089 1349 1503 1993 1441 1799 1511 1205 1612 1864 1532 1383 1211 1895 1993 1660 1774 1768 1625 1703 1789 1956 1426 1300 1275 1553 1264 1357 1982 1157 1604 1055 1826 1656 1584 1517 1860 1674 1632 1323 1137 1715 1813 1878 1325 1767 1852 1306 1646 1128 1320 1604 1117 1466 1250 1657 1666 1790 1444 1272 1703 1697 1862 1233 BCNSPRNW ULIB Ver.6.0+V

เปลี่ยนเป็นภาษาไทย

Change to English
 แสดงรายละเอียดบรรณานุกรม
  กลับหน้าหลัก

Brief Record : Get Marc (ISO 2709) : E-mail record : QR code < ปิดหน้าต่าง
LEADER : 00000nam 2200000uu 4500
001    13399121777
003     ULIB
008    121206s2553||||th 000 0 tha d
020    ^a9789740585992
060 04 ^aWQ300^bศ291ก
100 0  ^aศศิธร พุมดวง
245 10 ^aการลดปวดในระยะคลอดโดยไม่ใช้ยา /^cศศิธร พุมดวง
250    ^aพิมพ์ครั้งที่ 2,5,6,9
260    ^aสงขลา :^bคณะพยาบาลศาสตร์ มหาวิทยาลัยสงขลานครินทร์,^c2553
300    ^a114 หน้า :^bภาพประกอบ ;^c26 ซม.
500    พิมพ์ครั้งที่ 2 ปี2551,พิมพ์ครั้งที่ 5 ปี 2552,พิมพ์ครั้งที่ 6 ปี2552,พิมพ์ครั้งที่ 9 ปี2553
650  7 ^aการคลอด
650  7 ^aการพยาบาลสูติศาสตร์
650  7 ^aดนตรีบำบัด
650  7 ^aความเจ็บปวด^xในระยะตั้งครรภ์^xการรักษา
945    ^p150^l0^i15439
945    ^p150^l0^i15857
945    ^p150^l0^i16207
945    ^p150^l0^i17026
945    ^p150^l0^i15858
945    ^p150^l0^i17027
995    ^aทศพร
999    ^aทศพร เกษรทอง
รายการนี้ยังไม่มีแท็ก
คุณยังไม่ได้ล็อกอิน คุณสามารถมีกิจกรรมร่วมกับเว็บไซต์ได้ แต่ต้องล็อกอินก่อน ::
  ล็อกอิน

รายการสื่อสารสนเทศ

ลำดับที่ ประเภท เลขเรียก/บาร์โค้ด สถานที่ สถานะ
1. วิทยาศาสตร์การแพทย์ และสุขภาพ
วิทยาศาสตร์การแพทย์ และสุขภาพ
WQ300 ศ291ก  
  Barcode: 15439
ห้องสมุดวิทยาเขตสวรรค์ประชารักษ์
►ส่วนจัดเก็บหนังสือเก่า สปร
บนชั้น
  ขอยืม
2. วิทยาศาสตร์การแพทย์ และสุขภาพ
วิทยาศาสตร์การแพทย์ และสุขภาพ
WQ300 ศ291ก  
  Barcode: 15857
ห้องสมุดวิทยาเขตสวรรค์ประชารักษ์
►ส่วนจัดเก็บหนังสือเก่า สปร
บนชั้น
  ขอยืม
3. วิทยาศาสตร์การแพทย์ และสุขภาพ
วิทยาศาสตร์การแพทย์ และสุขภาพ
WQ300 ศ291ก  
  Barcode: 17026
ห้องสมุดวิทยาเขตนครสวรรค์
►ส่วนจัดเก็บหนังสือเก่า นว.
บนชั้น
  ขอยืม
4. วิทยาศาสตร์การแพทย์ และสุขภาพ
วิทยาศาสตร์การแพทย์ และสุขภาพ
WQ300 ศ291ก ฉ.5 
  Barcode: 15858
ห้องสมุดวิทยาเขตนครสวรรค์
►ส่วนจัดเก็บหนังสือเก่า นว.
บนชั้น
  ขอยืม
5. วิทยาศาสตร์การแพทย์ และสุขภาพ
วิทยาศาสตร์การแพทย์ และสุขภาพ
WQ300 ศ291ก ฉ.6 
  Barcode: 17027
ห้องสมุดวิทยาเขตนครสวรรค์
►ส่วนจัดเก็บหนังสือเก่า นว.
บนชั้น
  ขอยืม

รายการใกล้เคียง
    ผู้แต่ง [ศศิธร พุมดวง]

    หัวเรื่อง [การคลอด]
    หัวเรื่อง [การพยาบาลสูติศาสตร์]
    หัวเรื่อง [ดนตรีบำบัด]

BibComment


ยังไม่เคยถูกคอมเมนท์

คอมเมนท์ทรัพยากรรายการนี้
  คอมเมนท์: การลดปวดในระยะคล..


 Copyright 2026. Bcnsprnw @Library